000 01099cam a2200373 a 4500
001 3978
003 FISKH
005 20240529085316.0
008 950314s1996 nyua j 000 1 eng
010 _a 95013237
020 _a0590265865
020 _a9780590265867
040 _aDLC
_cDLC
_dDLC
_beng
042 _alcac
050 0 0 _aPZ7.M3688
_bIm 1996
082 0 0 _a581.467
_220
100 1 _aMarzollo, Jean.
245 1 0 _aI'm a seed /
_cby Jean Marzollo ; illustrated by Judith Moffatt.
260 _aNew York :
_bScholastic,
_c1996.
300 _a32 unnumbered pages :
_bcolor illustrations ;
_c23 cm
440 0 _aHello reader!
_nLevel 1
500 _a"Cartwheel books."
505 _aF
520 _aA pumpkin seed and a marigold seed grow into plants side by side.
521 8 _a360
_bLexile
521 8 _aF
_bRaz-Plus
650 1 _aSeeds
_xFiction.
650 1 _aPumpkins
_xFiction.
650 1 _aFlowers
_xFiction.
700 1 _aMoffatt, Judith,
_eillustrator
906 _a7
_bcbc
_corignew
_d1
_eocip
_f19
_gy-gencatlg
942 _2ddc
_cBK
_n0
999 _c3978
_d3978